[Event "AUTO-OPEN-4268"]
[Site "http://www.queenalice.com/game.php?id=1647745"]
[Date "2021.3.25"]
[Round "1"]
[White "clovis"]
[Black "Kant"]
[Result "0-1"]
[WhiteElo "1986"]
[BlackElo "2370"]

1. e4 c5 2. Nf3 d6 3. d4 cxd4 4. Nxd4 Nf6 5. Nc3 a6 6. Bc4 e6 7. O-O b5 8. Bb3
Be7 9. Kh1 O-O 10. f4 Bb7 11. Bxe6 fxe6 12. Nxe6 Qe8 13. Nxf8 Bxf8 14. Be3 b4
15. Nd5 Nxd5 16. exd5 Qxe3 17. Qe1 Qxe1 18. Raxe1 Nd7 19. Rd1 Nf6 0-1

[Event "AUTO-OPEN-4253"]
[Site "http://www.queenalice.com/game.php?id=1648794"]
[Date "2021.4.5"]
[Round "2"]
[White "Dangermouse"]
[Black "Kant"]
[Result "0-1"]
[WhiteElo "2109"]
[BlackElo "2401"]

1. d4 Nf6 2. c4 g6 3. Nf3 Bg7 4. Nc3 O-O 5. e4 d6 6. Be2 e5 7. Be3 exd4 8. Bxd4
Re8 9. Nd2 Bh6 10. Be3 Bxe3 11. fxe3 c6 12. O-O Nbd7 13. b4 Qb6 14. Rc1 Qxe3+
15. Kh1 Re6 16. Qc2 a5 17. b5 Ne5 18. Rce1 Qh6 19. Nb3 Kg7 20. c5 dxc5 21. bxc6
bxc6 22. Nxc5 Rd6 23. Qb2 Rd2 24. Qa1 Qg5 25. Nb3 Rd6 26. Na4 Bg4 27. Bxg4 Nfxg4
28. h3 Kg8 29. Qc1 Qh4 30. Nb2 Nf2+ 31. Kg1 Nf3+ 0-1

[Event "AUTO-OPEN-4253"]
[Site "http://www.queenalice.com/game.php?id=1648795"]
[Date "2021.4.5"]
[Round "2"]
[White "Kant"]
[Black "Dangermouse"]
[Result "1-0"]
[WhiteElo "2398"]
[BlackElo "2083"]

1. e4 e6 2. d4 d5 3. Nd2 c5 4. Ngf3 Nc6 5. exd5 exd5 6. Bb5 Bd7 7. O-O cxd4 8.
Re1+ Be7 9. Nb3 Nf6 10. Qe2 Ne4 11. Bxc6 bxc6 12. Nfxd4 O-O 13. f3 c5 14. fxe4
cxd4 15. exd5 Bh4 16. Rf1 Qb6 17. Qe4 Bf6 18. Bd2 Rfe8 19. Qd3 Rec8 20. Rae1 a5
21. Rf4 Re8 22. Rxe8+ Bxe8 23. Nxd4 Qxb2 24. Rxf6 gxf6 25. Qg3+ Kh8 26. Nf5 Qb6+
27. Kh1 Qb1+ 28. Be1 Qxe1+ 29. Qxe1 Kg8 30. Qg3+ Kf8 31. Qg7# 1-0

[Event "AUTO-MASTER-3014"]
[Site "http://www.queenalice.com/game.php?id=1649114"]
[Date "2021.4.9"]
[Round "2"]
[White "Vedovanera"]
[Black "Kant"]
[Result "0-1"]
[WhiteElo "2069"]
[BlackElo "2407"]

1. e4 c5 2. Nf3 d6 3. d4 cxd4 4. Nxd4 Nf6 5. Nc3 a6 6. Bd3 e6 7. Be3 Be7 8. g4
O-O 9. g5 Nfd7 10. h4 b5 11. a3 Nc5 12. Rg1 Bb7 0-1

[Event "AUTO-MASTER-3014"]
[Site "http://www.queenalice.com/game.php?id=1649115"]
[Date "2021.4.9"]
[Round "2"]
[White "Kant"]
[Black "Vedovanera"]
[Result "1-0"]
[WhiteElo "2408"]
[BlackElo "2067"]

1. e4 e6 2. d4 d5 3. Nd2 c5 4. c3 cxd4 5. cxd4 dxe4 6. Nxe4 Nf6 7. Bd3 Be7 8.
Nf3 Bd7 9. O-O O-O 10. Nc3 Qb6 11. Ne5 Be8 12. Be3 Qxb2 13. Rc1 1-0

[Event "AUTO-MASTER-3014"]
[Site "http://www.queenalice.com/game.php?id=1649118"]
[Date "2021.4.9"]
[Round "2"]
[White "davi_sales"]
[Black "Kant"]
[Result "0-1"]
[WhiteElo "2131"]
[BlackElo "2394"]

1. d4 Nf6 2. c4 e6 3. Nc3 Bb4 4. Qc2 O-O 5. a3 Bxc3+ 6. Qxc3 b6 7. f3 d5 8. Bg5
Bb7 9. e3 Re8 10. Bd3 h6 11. Bh4 Nbd7 12. Ne2 e5 13. cxd5 Nxd5 14. Bxd8 Nxc3 15.
Bxc7 Nxe2 16. Bxe2 exd4 17. e4 f5 18. Bb5 fxe4 19. fxe4 Rxe4+ 20. Kd2 Nc5 21.
Bc4+ Kh8 22. Rhe1 Rc8 23. Bg3 Rxe1 24. Rxe1 Bxg2 25. Be5 Ne4+ 26. Kd3 Ng5 0-1

[Event "AUTO-MASTER-3014"]
[Site "http://www.queenalice.com/game.php?id=1649119"]
[Date "2021.4.9"]
[Round "2"]
[White "Kant"]
[Black "davi_sales"]
[Result "1-0"]
[WhiteElo "2403"]
[BlackElo "2190"]

1. e4 c5 2. Nf3 Nf6 3. e5 Nd5 4. c3 e6 5. d4 cxd4 6. cxd4 d6 7. Bc4 Nb6 8. Bd3
Bd7 9. Nc3 Bc6 10. O-O dxe5 11. Nxe5 Be7 12. Qh5 g6 13. Qh6 Bf6 14. Ng4 Bxd4 15.
Bg5 f6 16. Bxg6+ Kd7 17. Nxf6+ Bxf6 18. Bxf6 Qxf6 19. Qd2+ Kc7 20. Be4 Na6 21.
Rac1 Rad8 22. Qe3 Kb8 23. Bxc6 bxc6 24. Ne4 Qxb2 25. Rxc6 Rhe8 26. Qf4+ Kb7 27.
Rd6 Nd5 28. Qh4 Rc8 29. Qxh7+ Re7 30. Rd7+ Rc7 31. Rxe7 Rxe7 32. Qg6 Qxa2 33. h4
Nac7 34. Nd6+ Kc6 35. Nf5 Rd7 36. Nd4+ Kd6 37. Rc1 Nf4 38. Qg5 e5 39. Nf5+ Ke6
40. Qg8+ Rf7 41. Rxc7 1-0

[Event "AUTO-MASTER-3014"]
[Site "http://www.queenalice.com/game.php?id=1649120"]
[Date "2021.4.9"]
[Round "2"]
[White "LOMBARDY"]
[Black "Kant"]
[Result "0-1"]
[WhiteElo "2247"]
[BlackElo "2385"]

1. d4 Nf6 2. c4 g6 3. Nc3 Bg7 4. e4 d6 5. Be2 O-O 6. Nf3 e5 7. O-O Nc6 8. d5 Ne7
9. Ne1 c6 10. Nd3 b5 11. cxb5 cxd5 12. exd5 Nexd5 13. Nxd5 Nxd5 14. Bf3 Be6 15.
Bxd5 Bxd5 16. Nb4 Bc4 17. Re1 Bxb5 18. Be3 Qd7 19. Rc1 Rac8 20. Qd2 Bc4 21. b3
Be6 22. f3 d5 23. Nd3 d4 24. Bf2 Qd5 25. b4 Rxc1 26. Rxc1 Qxa2 27. Qxa2 Bxa2 28.
Ra1 Bc4 29. Nc5 a6 30. Bg3 f6 31. Be1 Rc8 32. g4 Bh6 33. Ne4 Rc6 34. h4 Be3+ 35.
Kg2 f5 36. Nc5 h5 37. g5 Rd6 38. Bg3 d3 0-1

[Event "AUTO-MASTER-3014"]
[Site "http://www.queenalice.com/game.php?id=1649121"]
[Date "2021.4.9"]
[Round "2"]
[White "Kant"]
[Black "LOMBARDY"]
[Result "1-0"]
[WhiteElo "2376"]
[BlackElo "2214"]

1. e4 e5 2. Nf3 Nf6 3. Nxe5 d6 4. Nf3 Nxe4 5. d4 d5 6. Bd3 Bg4 7. O-O Nc6 8. c4
Be7 9. Nc3 Nxc3 10. bxc3 O-O 11. cxd5 Qxd5 12. Rb1 g6 13. Rb5 Qxa2 14. Rxb7 Bd6
15. h3 Bc8 16. Rb2 Qa5 17. c4 Qc3 18. c5 Be7 19. Bb5 Nd8 20. Re1 Bf6 21. Re3 1-0

[Event "Challenge"]
[Site "http://www.queenalice.com/game.php?id=1758316"]
[Date "2021.5.2"]
[Round "-"]
[White "jpribeiro"]
[Black "Kant"]
[Result "0-1"]
[WhiteElo "1960"]
[BlackElo "2393"]

1. e4 c5 2. Nf3 d6 3. c3 Nf6 4. e5 dxe5 5. Nxe5 Nbd7 6. Nxd7 Bxd7 7. d4 cxd4 8.
Qxd4 Qa5 9. Bf4 Ng4 10. Be2 e5 11. b4 Qc7 0-1

[Event "AUTO-OPEN-4253"]
[Site "http://www.queenalice.com/game.php?id=1762422"]
[Date "2021.6.17"]
[Round "3"]
[White "Kant"]
[Black "Rafale2000"]
[Result "1-0"]
[WhiteElo "2391"]
[BlackElo "1980"]

1. e4 Nf6 2. e5 Nd5 3. d4 d6 4. c4 Nb6 5. exd6 exd6 6. Nc3 Be7 7. Be3 Bf5 8. Qf3
Bc8 9. Nh3 Nc6 10. Nf4 Bf6 11. O-O-O Bd7 12. Nh5 O-O 13. Nxf6+ Qxf6 14. Qxf6
gxf6 15. c5 Nc8 16. Nd5 Kg7 17. Bf4 b6 18. Nxc7 Rb8 19. cxd6 Nd8 20. Rd3 Ne6 21.
Nxe6+ fxe6 22. Rh3 e5 23. Rg3+ Kf7 24. dxe5 fxe5 25. Bc4+ Be6 26. Bxe5 Bxc4 27.
Rf3+ Kg8 28. Rxf8+ Kxf8 29. d7 Ne7 30. Bxb8 Nc6 31. Re1 Bf7 32. Bxa7 1-0

[Event "AUTO-OPEN-4253"]
[Site "http://www.queenalice.com/game.php?id=1762423"]
[Date "2021.6.17"]
[Round "3"]
[White "Rafale2000"]
[Black "Kant"]
[Result "1-0"]
[WhiteElo "1949"]
[BlackElo "2409"]

1. e4 c5 2. Nf3 d6 3. d4 cxd4 4. Nxd4 Nf6 5. Nc3 a6 6. Bc4 e6 7. Bb3 b5 8. O-O
Be7 9. Qf3 Qc7 10. Be3 g6 11. Rad1 Nbd7 12. a3 h5 13. Bxe6 Ne5 14. Qh3 fxe6 15.
Nxe6 Qc4 16. Nd5 Kf7 17. Ng5+ Kg7 18. Ne6+ Bxe6 19. Qxe6 Nxd5 20. Qxd5 Rhd8 21.
Qb7 Qc6 22. Qxe7+ 1-0

[Event "AUTO-OPEN-4298"]
[Site "http://www.queenalice.com/game.php?id=1766372"]
[Date "2021.8.7"]
[Round "1"]
[White "steinie"]
[Black "Kant"]
[Result "1-0"]
[WhiteElo "2219"]
[BlackElo "2261"]

1. g4 d5 2. e3 c5 3. Bg2 Nc6 4. Nc3 d4 5. Ne4 e5 6. d3 Nf6 7. Nxf6+ Qxf6 8. Bd2
Be7 9. h3 O-O 10. Ne2 Be6 11. O-O 1-0

[Event "AUTO-OPEN-4298"]
[Site "http://www.queenalice.com/game.php?id=1766373"]
[Date "2021.8.7"]
[Round "1"]
[White "Kant"]
[Black "steinie"]
[Result "0-1"]
[WhiteElo "2248"]
[BlackElo "2232"]

1. e4 e6 2. d4 d5 3. Nd2 c5 4. Ngf3 cxd4 5. Nxd4 Nc6 6. Nxc6 bxc6 7. Bd3 Bd6 8.
O-O Qc7 9. exd5 Bxh2+ 10. Kh1 cxd5 0-1

[Event "AUTO-OPEN-4298"]
[Site "http://www.queenalice.com/game.php?id=1766392"]
[Date "2021.8.7"]
[Round "1"]
[White "Kant"]
[Black "cavaliernoir"]
[Result "0-1"]
[WhiteElo "2411"]
[BlackElo "1546"]

1. d4 d5 2. c4 e6 3. Nc3 c6 4. Nf3 f6 5. e4 Ne7 6. Bd3 dxc4 7. Bxc4 Ng6 8. h4
Bb4 9. Qb3 Qe7 10. O-O Nd7 11. h5 Ngf8 0-1

[Event "AUTO-OPEN-4298"]
[Site "http://www.queenalice.com/game.php?id=1766393"]
[Date "2021.8.7"]
[Round "1"]
[White "cavaliernoir"]
[Black "Kant"]
[Result "1-0"]
[WhiteElo "1576"]
[BlackElo "2394"]

1. e4 c5 2. c4 Nc6 3. d3 d6 4. Nf3 Nf6 5. h3 g6 6. Be2 Bg7 7. Nbd2 O-O 8. O-O
Qb6 9. Rb1 e5 10. b3 Nh5 11. Nh2 Nf4 12. Ndf3 f5 13. Bxf4 1-0